Statistiken für Liedtext: Alligatoah - Fick ihn doch

Klicken Sie hier um das Quiz zu spielen!

Allgemein

  • Dieses Quiz wurde 114 mal gespielt
  • Das Durchschnittsergebnis liegt bei 296 aus 477

Antwortstatistiken

Antwort% Korrekt
doch
100%
fick
100%
ihn
100%
n
100%
da
99%
den
95%
du
94%
Du
94%
dann
90%
Dann
90%
Ich
87%
ich
87%
das
86%
Ein
86%
ein
86%
die
85%
geh
85%
ist
85%
in
84%
In
84%
bin
81%
und
81%
Und
81%
dein'
80%
der
80%
Der
80%
eine
80%
er
80%
mit
78%
wo
78%
nem
77%
alleine
76%
auf
76%
Auf
76%
für
76%
im
76%
so
76%
zu
76%
dich
75%
kleiner
73%
mein'
72%
Spion
72%
weiß
72%
Bist
71%
bist
71%
dass
71%
einem
71%
geheimer
71%
mein
71%
mein'
71%
Mission
71%
nicht
71%
schon
71%
wohnst
71%
Schatz
66%
was
66%
wie
66%
hörst
65%
Pop
65%
als
63%
am
63%
Minirock
63%
schwul
63%
sie
63%
Tarnjacke
63%
an
62%
An
62%
Es
62%
es
62%
Hund
62%
tatsächlich
62%
Zoo
62%
Cro
61%
Freund
61%
verkleidet
61%
von
61%
dir
59%
hab
59%
kann
59%
besten
58%
dem
58%
Gott
58%
Wohnung
58%
beweise
57%
deim
57%
dei'm
57%
immer
57%
meine
57%
Fernglas
56%
Kirche
56%
Toilette
56%
deiner
54%
Großvater
54%
gut
54%
hat
54%
Hat
54%
okay
54%
Verboten
54%
Alles
53%
alles
53%
besser
53%
Deinen
53%
kein
53%
ruf
53%
E-Mail
52%
etwas
52%
Gassi
52%
gehst
52%
hast
52%
Iggy
52%
Kontrolle
52%
noch
52%
schwulen
52%
sein
52%
Tagen
52%
Vertrauen
52%
amüsierst
51%
Busch
51%
einen
51%
Messer
51%
sagte
51%
sprichst
51%
Trojaner
51%
gesprächig
49%
Kehle
49%
korrekt
49%
mir
49%
oder
49%
Treffen
49%
gereizt
48%
ihr
48%
kombiniere
48%
Mach
48%
Zeitung
48%
einmal
47%
Kopf
47%
morgen
47%
Schwester
47%
Arbeit
46%
benutzt
46%
bring
46%
Ende
46%
frequentierst
46%
Geheimnis
46%
tippitop
46%
Typ
46%
verdeckt
46%
warte
46%
wenn
46%
dieser
44%
ermittle
44%
erzählen
44%
fickt
44%
relativ
44%
rum
44%
solltest
44%
Engel
43%
Gucklöchern
43%
Kamera
43%
Laborbefund
43%
mich
43%
sagen
43%
werde
43%
gekostet
42%
Jahreslohn
42%
Leute
42%
musst
42%
Schwanz
42%
vor
42%
Eifer
41%
finden's
41%
keine
41%
mehr
41%
schuld
41%
sucht
41%
verschwende
41%
Wald
41%
Bettbezug
39%
Eifersucht
39%
KO-Tropfen
39%
Leiden
39%
Lichtschranke
39%
liest
39%
will
39%
Zitat
39%
damit
38%
dastehst
38%
drin
38%
Fotze
38%
Hoden
38%
Leidenschaft
38%
makelloser
38%
meiner
38%
ob
38%
schafft
38%
schlägt
38%
sonst
38%
Staat
38%
werden
38%
zurück
38%
Arschloch
37%
Club
37%
denkt
37%
Durch
37%
euphorieberaubten
37%
hätte
37%
Helikopter
37%
leg
37%
lernen
37%
macht
37%
Recht
37%
selbst
37%
Stichprobentest
37%
Wanze
37%
Wiesen
37%
Abgang
35%
aktivier
35%
bleibe
35%
eh
35%
fast
35%
flach
35%
Frau
35%
hinter
35%
jalousie-bedeckter
35%
Kostüme
35%
Luftschlössern
35%
Sandstaub
35%
Schlappschwanz
35%
sofort
35%
Standpauke
35%
Verlobungsring
35%
zerfallen
35%
äh
34%
Brief
34%
Eier
34%
krass
34%
Manchmal
34%
Nimm
34%
Sauna
34%
Spione
34%
Weste
34%
bemerken
33%
geschafft
33%
Gilette-Wachs
33%
halten
33%
knapp
33%
nur
33%
Postmann
33%
Rohstoffe
33%
Jetzt
32%
jetzt
32%
ohne
32%
rennen
32%
Überwach
32%
Drama
30%
falschen
30%
Freiheit
30%
Gartenzwerg
30%
gib
30%
Step
30%
weißen
30%
gibt
29%
pustet
29%
wird
29%
achtsam
28%
entlässt
28%
Kinos
28%
Stichflammen
28%
zeugenlose
28%
Giftschlangengrube
27%
nen
27%
Abschied
25%
Bau
25%
nehmen
25%
tun
23%
wofür
22%
Grund
20%
spannend
20%
Baby
14%

Verteilung der Resultate

Perzentil nach korrekt beantworteten Fragen

Anzahl Personen mit jedem Resultat

Ihre Resultats-Entwicklung

Sie haben dieses Quiz noch nicht gespielt